00589nam a22001457a 450000500170000000800410001704100080005808200140006610000210008024501940010126000510029530000270034636500240037350000460039720250818112601.0250515b |||||||| |||| 00| 0 eng d aeng a712bJOG  aJoglekar Anannya aMoody Gardens 2.0: Emotive Resonance In Urban Landscapes An Investigation Of The Embedded Emotions Of A Space And Its Application In Landscape Design Through The Lens Of The Navarasa Theory aPunebBNCA M Arch Landscape Architecturec2025 a103 PagesbPbc30 x 35 aINRb150.00cRupaye aBNCA M Arch Landscape Architecture Thesis